| 000 | 00708nam a2200205 i 4500 | ||
|---|---|---|---|
| 001 | 126780 | ||
| 003 | ES-MaACL | ||
| 005 | 20251010183234.0 | ||
| 007 | t| | ||
| 008 | 070214s1909 sp r ||||1| spa d | ||
| 100 | 1 |
_aRetortillo y Tornos, Alfonso. _996367 |
|
| 245 | 1 | 0 |
_aCompendio de historia del derecho internacional / _cpor Alfonso Retortillo y Tornos ; precedido de una carta-prólogo del Excmo. Sr. D. Rafael Conde y Luque. |
| 250 | _a2ª ed. | ||
| 260 |
_aMadrid : _bFortanet, _c1909. |
||
| 300 |
_a248 p. ; _c19 x 12 cm. |
||
| 650 | 0 | 4 |
_aDerecho internacional- _xHistoria. _911719 |
| 700 | 1 |
_aConde y Luque, Rafael, _d1835-1922 _940134 |
|
| 852 |
_aES-MaACL _jB-6458 |
||
| 999 |
_c126780 _d126780 |
||